Gaming Quiz

Random Gaming Quiz
Score 0/10 Timer 04:00
0 Plays Today
Dungeon Mini Boss % Correct
Water TempleDark Link
87.4%
Spirit TempleIron Knuckle
77.6%
Forest TemplePoe Sisters
77%
Ganon's CastleStalfo
77%
Shadow TempleDead Hand
68.9%
Jabu Jabu's BellyBigocto
66.7%
Ice CavernsWhite Wolfo
66.7%
Fire TempleFlare Dancer
61.2%
Dodongo's CavernLizalfo
55.2%
Great Deku TreeDeku Scrub Brothers
42.1%
Remove Ads.
Support Sporcle.
Get the best of Sporcle when you Go Orange. This ad-free experience offers more features, more stats, and more fun while also helping to support Sporcle. Thank you for becoming a member.

You're not logged in!

Compare scores with friends on all Sporcle quizzes.
OR
Log In

Show Comments

Extras

Top Quizzes Today


Score Distribution

Your Account Isn't Verified!

In order to create a playlist on Sporcle, you need to verify the email address you used during registration. Go to your Sporcle Settings to finish the process.

Report this User

Report this user for behavior that violates our Community Guidelines.

Details: